| 000 | 00477nam a2200181Ia 4500 | ||
|---|---|---|---|
| 001 | 4029 | ||
| 005 | 20260306145726.0 | ||
| 008 | 260306t2008||||xx |||||||||||||| ||spa|| | ||
| 041 | _aESP | ||
| 082 |
_a306.6 _bP75 |
||
| 100 |
_aArmas Asín, Fernando _eAUT |
||
| 245 | 0 |
_aPolíticas divinas: _breligión, diversidad y política en el Perú contemporáneo |
|
| 260 | _c2008 | ||
| 300 |
_a434 páginas : _c21 cm. |
||
| 650 | _aGEN | ||
| 654 | _aCHU | ||
| 942 |
_cLIB _dJUS _fJUS _2ddc _n |
||
| 999 |
_c4029 _d4029 |
||